| 000 | 00464pab a2200157 454500 | ||
|---|---|---|---|
| 008 | 180718b2017 xxu||||| |||| 00| 0 eng d | ||
| 100 | _aPrashant Kumar | ||
| 245 | _aGlobal warming and climatic sensitivity: a case study of Uttarakhand state of Indian Himalaya | ||
| 260 | _c2017 | ||
| 300 | _ap.589-607. | ||
| 650 | _aCase studies - Climatic change | ||
| 650 | _aClimatic change | ||
| 650 | _aGreenhouse effect | ||
| 773 | _aMan in India | ||
| 909 | _a115820 | ||
| 999 |
_c115814 _d115814 |
||